<?xml version="1.0" encoding="UTF-8"?>
<marc:record xmlns:marc="http://www.loc.gov/MARC21/slim">
   <marc:leader>00000nam a2200000 a 4500</marc:leader>
   <marc:datafield ind1="1" ind2=" " tag="100">
      <marc:subfield code="a">Donnelly, Jennifer</marc:subfield>
      <marc:subfield code="4">aut</marc:subfield>
      <marc:subfield code="e">Verfasser/-in</marc:subfield>
   </marc:datafield>
   <marc:datafield ind1="0" ind2="0" tag="245">
      <marc:subfield code="a">Die Winterrose</marc:subfield>
   </marc:datafield>
   <marc:datafield ind1="0" ind2="0" tag="245">
      <marc:subfield code="b">2. Band</marc:subfield>
   </marc:datafield>
   <marc:datafield ind1=" " ind2="1" tag="264">
      <marc:subfield code="b">Piper.</marc:subfield>
      <marc:subfield code="c">2012</marc:subfield>
   </marc:datafield>
   <marc:datafield ind1="1" ind2=" " tag="490">
      <marc:subfield code="a">Rosentrilogie</marc:subfield>
   </marc:datafield>
   <marc:datafield ind1="1" ind2=" " tag="520">
      <marc:subfield code="a">London, 1900: Die junge India Selwyn-Jones bewegt sich in den feinsten Kreisen. Bis sie als Ärztin im berüchtigten Viertel Whitechapel zu arbeiten beginnt und dort in leidenschaftlicher Liebe zu dem gefürchteten Gangsterboß Sid Malone entbrennt Voller Dramatik und Sinnlichkeit erzählt Jennifer Donnelly, die Autorin der international erfolgreichen "Teerose", von ihrer unbeugsamen Heldin India.</marc:subfield>
   </marc:datafield>
   <marc:datafield ind1=" " ind2=" " tag="020">
      <marc:subfield code="a">9783492252812</marc:subfield>
      <marc:subfield code="9">9783492252812</marc:subfield>
   </marc:datafield>
</marc:record>
